Statistiken für Gemeinden des Kreises Olpe (NRW)

Klicken Sie hier um das Quiz zu spielen!

Allgemein

  • Dieses Quiz wurde 84 mal gespielt
  • Das Durchschnittsergebnis liegt bei 5 aus 7

Antwortstatistiken

Gemeinde% Korrekt
Olpe
95%
Attendorn
83%
Finnentrop
79%
Lennestadt
79%
Kirchhundem
71%
Drolshagen
69%
Wenden
69%

Verteilung der Resultate

Perzentil nach korrekt beantworteten Fragen

Anzahl Personen mit jedem Resultat

Ihre Resultats-Entwicklung

Sie haben dieses Quiz noch nicht gespielt